Buat duit dengan Youtube (Record no. 104209)

MARC details
000 -LEADER
fixed length control field 00849nam a2200277 i 4500
001 - CONTROL NUMBER
control field C2-0300312
003 - CONTROL NUMBER IDENTIFIER
control field PPAK
005 - DATE AND TIME OF LATEST TRANSACTION
control field 20180728081841.0
008 - FIXED-LENGTH DATA ELEMENTS--GENERAL INFORMATION
fixed length control field 091104s2009 my a|||| ||||| | may d
020 ## - INTERNATIONAL STANDARD BOOK NUMBER
International Standard Book Number 9789675226472
040 ## - CATALOGING SOURCE
Original cataloging agency PPAK
Language of cataloging eng
Transcribing agency PPAK
Description conventions rda
082 04 - DEWEY DECIMAL CLASSIFICATION NUMBER
Classification number 658.872
Edition number 23
090 00 - LOCALLY ASSIGNED LC-TYPE CALL NUMBER (OCLC); LOCAL CALL NUMBER (RLIN)
Classification number (OCLC) (R) ; Classification number, CALL (RLIN) (NR) 658.872
Feature heading ZAM
Feature heading G
100 0# - MAIN ENTRY--PERSONAL NAME
Personal name Zamri Mohamad,
Relator term author
245 10 - TITLE STATEMENT
Title Buat duit dengan Youtube
264 #1 - PRODUCTION, PUBLICATION, DISTRIBUTION, MANUFACTURE, AND COPYRIGHT NOTICE
Place of production, publication, distribution, manufacture Batu Caves, Selangor :
Name of producer, publisher, distributor, manufacturer PTS Professional Publishing ,
Date of production, publication, distribution, manufacture, or copyright notice 2009
300 ## - PHYSICAL DESCRIPTION
Extent vi, 195 pages :
Other physical details illustrations ;
Dimensions 19 cm
336 ## - CONTENT TYPE
Source rdacontent
Content type term text
337 ## - MEDIA TYPE
Source rdamedia
Media type term unmediated
338 ## - CARRIER TYPE
Source rdacarrier
Carrier type term volume
490 1# - SERIES STATEMENT
Series statement Siri internet marketing
650 10 - SUBJECT ADDED ENTRY--TOPICAL TERM
Topical term or geographic name entry element Internet marketing. ; Youtube (Electronic resource).
700 0# - ADDED ENTRY--PERSONAL NAME
Personal name Mohamad Bahruddin Bekri,
Relator term editor
830 #0 - SERIES ADDED ENTRY--UNIFORM TITLE
Uniform title Siri internet marketing
942 ## - ADDED ENTRY ELEMENTS (KOHA)
-- dc
Koha item type Book
Holdings
Withdrawn Not for loan Current library Shelving location Date acquired Total Checkouts Total Renewals Full call number Barcode Date last seen Date last checked out Koha item type
    Perpustakaan Alor Setar Pinjaman Dewasa 08/11/2009 5   658.872 ZAM A01317642 09/10/2025 21/09/2025 Book
    Perpustakaan Awam Sungai Petani Pinjaman Dewasa 10/11/2014 9 1 658.872 ZAM A00871361 04/06/2024 29/07/2023 Book
    Perpustakaan Baling Pinjaman Dewasa 10/11/2014 3   658.872 ZAM A00871367 24/04/2021 07/04/2021 Book
    Perpustakaan Bandar Baharu Pinjaman Dewasa 10/11/2014 3 1 658.872 ZAM A00871368 20/07/2020 06/07/2020 Book
    Perpustakaan Kulim Pinjaman Dewasa 10/11/2014 14 8 658.872 ZAM A00871364 16/08/2023 25/07/2023 Book
    Perpustakaan Merbok Pinjaman Dewasa 10/11/2014 1 1 658.872 ZAM A00871371 29/12/2019 16/11/2019 Book
    Perpustakaan Yan Pinjaman Dewasa 10/11/2014     658.872 ZAM A00871365 09/05/2018   Book
    T-PD26, Kg. Lubuk Batu, Jitra Pinjaman Dewasa 10/11/2014     658.872 ZAM A00871370 09/05/2018   Book